000 00633nam a2200229Ia 4500
003 OSt
005 20220924143053.0
006 a|||||r|||| 00| 0
007 ta
008 220923b |||||||| |||| 00| 0 urd d
020 _c30
024 _a306611
037 _cTextual
040 _aARTS
_cARTS
_burd
041 _2urd
_aurd
082 _aa12-3164-28,2,435, 168N6
100 _aHussain Zakir
_9150299
245 0 _aMalaysia mein urdu, farsi aur arbi makhtutat ki ek dasti fehrist
260 _c1996
942 _ha12-3164-28,2,435, 168N6
_cTEXL
_2CC
999 _c453102
_d453102